[Event "PK Jeugd 2020 B"]
[Site "Eindhoven, Netherlands"]
[Date "????.??.??"]
[Round "5.5"]
[White "Slagboom, Leandro"]
[Black "Shadrin, Mitia"]
[Result "1-0"]
[WhiteElo "1970"]
[BlackElo "1730"]

1. e4 {[%clk 00:55:18]} c5 {[%clk 00:55:10]} {[%emt 00:00:10]} 2. Nf3 {[%clk
00:55:25]} {[%emt 00:00:04]} g6 {[%clk 00:55:15]} {[%emt 00:00:05]} 3. d4
{[%emt 00:00:04]} cxd4 {[%emt 00:00:04]} 4. Nxd4 {[%emt 00:00:05]} Nc6 {[%emt
00:00:05]} 5. c4 {[%emt 00:00:07]} Bg7 {[%emt 00:01:06]} 6. Be3 {[%clk
00:55:44]} {[%emt 00:00:06]} d6 {[%clk 00:54:22]} {[%emt 00:00:18]} 7. Nc3
{[%emt 00:00:51]} Nf6 {[%emt 00:00:07]} 8. f3 {[%emt 00:00:12]} O-O {[%emt
00:00:05]} 9. Be2 {[%emt 00:00:05]} Qa5 {[%emt 00:00:40]} 10. Qd2 {[%clk
00:54:21]} {[%emt 00:00:57]} Bd7 {[%clk 00:53:30]} {[%emt 00:00:37]} 11. O-O
{[%clk 00:54:24]} {[%emt 00:00:08]} Rfc8 {[%clk 00:52:04]} {[%emt 00:01:36]} 12.
Rac1 {[%clk 00:52:05]} {[%emt 00:02:29]} a6 {[%clk 00:50:21]} {[%emt 00:01:53]}
13. Nb3 {[%clk 00:51:30]} {[%emt 00:00:45]} Qb4 {[%clk 00:36:01]} {[%emt
00:14:27]} 14. Qc2 {[%clk 00:51:15]} {[%emt 00:00:28]} Na5 {[%clk 00:35:53]}
{[%emt 00:00:17]} 15. Nd2 {[%clk 00:49:33]} {[%emt 00:01:53]} Nxc4 {[%clk
00:30:28]} {[%emt 00:05:35]} 16. Nxc4 {[%clk 00:46:31]} {[%emt 00:03:12]} Rxc4
{[%clk 00:30:32]} {[%emt 00:00:06]} 17. Bxc4 {[%clk 00:46:18]} {[%emt
00:00:23]} Qxc4 {[%clk 00:30:35]} {[%emt 00:00:06]} 18. b3 {[%clk 00:43:38]}
{[%emt 00:02:51]} Qb4 {[%clk 00:28:25]} {[%emt 00:02:18]} 19. Qd2 {[%clk
00:40:31]} {[%emt 00:03:20]} a5 {[%clk 00:25:24]} {[%emt 00:03:11]} 20. Nd5
{[%clk 00:34:30]} {[%emt 00:06:11]} Qxd2 {[%clk 00:24:53]} {[%emt 00:00:40]} 21.
Bxd2 {[%clk 00:34:13]} {[%emt 00:00:27]} Nxd5 {[%clk 00:23:26]} {[%emt
00:01:37]} 22. exd5 {[%clk 00:34:21]} {[%emt 00:00:02]} Bd4+ {[%clk 00:23:22]}
{[%emt 00:00:13]} 23. Kh1 {[%clk 00:34:15]} {[%emt 00:00:16]} Bc5 {[%clk
00:23:10]} {[%emt 00:00:20]} 24. Rfe1 {[%clk 00:32:50]} {[%emt 00:01:38]} e6
{[%clk 00:21:54]} {[%emt 00:01:27]} 25. dxe6 {[%clk 00:32:12]} {[%emt
00:00:48]} Bxe6 {[%clk 00:21:32]} {[%emt 00:00:31]} 26. Re4 {[%clk 00:22:47]}
{[%emt 00:09:35]} b5 {[%clk 00:20:25]} {[%emt 00:01:18]} 27. Bh6 {[%clk
00:16:48]} {[%emt 00:06:09]} b4 {[%clk 00:20:10]} {[%emt 00:00:25]} 28. Re2
{[%clk 00:14:42]} {[%emt 00:02:15]} a4 {[%clk 00:19:27]} {[%emt 00:00:54]} 29.
bxa4 {[%clk 00:14:00]} {[%emt 00:00:52]} Rxa4 {[%clk 00:19:23]} {[%emt
00:00:13]} 30. Rcc2 {[%clk 00:13:45]} {[%emt 00:00:25]} Ra8 {[%clk 00:19:17]}
{[%emt 00:00:16]} 31. h3 {[%clk 00:12:46]} {[%emt 00:01:08]} Bf5 {[%clk
00:15:57]} {[%emt 00:03:30]} 32. Rcd2 {[%clk 00:11:35]} {[%emt 00:01:22]} Be6
{[%clk 00:15:54]} {[%emt 00:00:13]} 33. g4 {[%clk 00:10:02]} {[%emt 00:01:43]}
Ra3 {[%clk 00:13:36]} {[%emt 00:02:28]} 34. Kg2 {[%clk 00:08:59]} {[%emt
00:01:13]} d5 {[%clk 00:13:01]} {[%emt 00:00:45]} 35. Rxd5 {[%clk 00:08:10]}
{[%emt 00:00:59]} f5 {[%clk 00:11:45]} {[%emt 00:01:26]} 36. Rxe6 {[%clk
00:07:07]} {[%emt 00:01:14]} Rxa2+ {[%clk 00:11:53]} {[%emt 00:00:02]} 37. Rd2
{[%clk 00:06:07]} {[%emt 00:01:10]} b3 {[%clk 00:11:43]} {[%emt 00:00:20]} 38.
Rxa2 {[%clk 00:06:03]} {[%emt 00:00:14]} 1-0

[Event "PK Jeugd 2020 B"]
[Site "Eindhoven, Netherlands"]
[Date "????.??.??"]
[Round "5.6"]
[White "Cchung, Nyuk Lyn"]
[Black "Dumont, Ties"]
[Result "1-0"]
[WhiteElo "2001"]
[BlackElo "1613"]

1. e4 {[%clk 00:49:38]} {[%emt 00:05:41]} c5 {[%clk 00:55:15]} {[%emt
00:00:05]} 2. Nf3 {[%clk 00:49:42]} {[%emt 00:00:06]} Nc6 {[%clk 00:55:21]}
{[%emt 00:00:03]} 3. d4 {[%clk 00:49:44]} {[%emt 00:00:08]} cxd4 {[%clk
00:55:24]} {[%emt 00:00:08]} 4. Nxd4 {[%clk 00:49:50]} {[%emt 00:00:04]} Nf6
{[%clk 00:55:28]} {[%emt 00:00:06]} 5. Nc3 {[%clk 00:49:55]} {[%emt 00:00:04]}
Qb6 {[%clk 00:54:34]} {[%emt 00:01:04]} 6. Nb3 {[%clk 00:48:30]} {[%emt
00:01:34]} e6 {[%clk 00:53:17]} {[%emt 00:01:28]} 7. Be3 {[%clk 00:48:09]}
{[%emt 00:00:30]} Qd8 {[%clk 00:53:16]} {[%emt 00:00:12]} 8. a3 {[%clk
00:46:32]} {[%emt 00:01:48]} d5 {[%clk 00:52:28]} {[%emt 00:00:58]} 9. f3
{[%clk 00:42:20]} {[%emt 00:04:21]} Be7 {[%clk 00:51:41]} {[%emt 00:00:58]} 10.
Qd2 {[%clk 00:41:36]} {[%emt 00:00:53]} O-O {[%clk 00:48:58]} {[%emt 00:02:54]}
11. O-O-O {[%clk 00:39:07]} {[%emt 00:02:38]} dxe4 {[%clk 00:48:25]} {[%emt
00:00:42]} 12. Qxd8 {[%clk 00:34:37]} {[%emt 00:04:41]} Rxd8 {[%clk 00:48:13]}
{[%emt 00:00:22]} 13. Rxd8+ {[%clk 00:33:55]} {[%emt 00:00:53]} Bxd8 {[%clk
00:48:17]} {[%emt 00:00:06]} 14. Nxe4 {[%clk 00:33:58]} {[%emt 00:00:07]} Nd5
{[%clk 00:45:54]} {[%emt 00:02:34]} 15. Bd2 {[%clk 00:31:50]} {[%emt 00:02:18]}
Bc7 {[%clk 00:44:05]} {[%emt 00:01:58]} 16. c4 {[%clk 00:29:30]} {[%emt
00:02:30]} Nde7 {[%clk 00:42:21]} {[%emt 00:01:54]} 17. Be2 {[%clk 00:27:35]}
{[%emt 00:02:05]} Nf5 {[%clk 00:40:30]} {[%emt 00:02:01]} 18. g3 {[%clk
00:24:10]} {[%emt 00:03:34]} Ncd4 {[%clk 00:38:12]} {[%emt 00:02:28]} 19. Nxd4
{[%clk 00:23:14]} {[%emt 00:01:07]} Nxd4 {[%clk 00:38:20]} {[%emt 00:00:02]} 20.
Bd1 {[%clk 00:23:16]} {[%emt 00:00:07]} Bd7 {[%clk 00:34:39]} {[%emt 00:03:52]}
21. Bc3 {[%clk 00:23:16]} {[%emt 00:00:11]} Nf5 {[%clk 00:34:15]} {[%emt
00:00:34]} 22. Be2 {[%clk 00:18:46]} {[%emt 00:04:40]} Bc6 {[%clk 00:33:18]}
{[%emt 00:01:07]} 23. Rd1 {[%clk 00:18:37]} {[%emt 00:00:18]} f6 {[%clk
00:17:27]} {[%emt 00:16:01]} 24. b4 {[%clk 00:17:15]} {[%emt 00:01:33]} a6
{[%clk 00:14:51]} {[%emt 00:02:46]} 25. Nc5 {[%clk 00:11:51]} {[%emt 00:05:33]}
Kf7 {[%clk 00:14:06]} {[%emt 00:00:55]} 26. Nb3 {[%clk 00:10:48]} {[%emt
00:01:13]} Ba4 {[%clk 00:08:17]} {[%emt 00:06:00]} 27. Kb2 {[%clk 00:10:47]}
{[%emt 00:00:11]} e5 {[%clk 00:06:22]} {[%emt 00:02:05]} 28. Rd2 {[%clk
00:10:45]} {[%emt 00:00:12]} Bc6 {[%clk 00:06:05]} {[%emt 00:00:28]} 29. Nc5
{[%clk 00:10:44]} {[%emt 00:00:10]} b6 {[%clk 00:05:01]} {[%emt 00:01:15]} 30.
Nxa6 {[%clk 00:09:38]} {[%emt 00:01:16]} Rxa6 {[%clk 00:04:35]} {[%emt
00:00:36]} 31. b5 {[%clk 00:09:46]} {[%emt 00:00:02]} Bxb5 {[%clk 00:03:04]}
{[%emt 00:01:41]} 32. cxb5 {[%clk 00:09:55]} {[%emt 00:00:02]} Ra7 {[%clk
00:03:13]} 33. Bc4+ {[%clk 00:08:29]} {[%emt 00:01:35]} Ke7 {[%clk 00:03:17]}
{[%emt 00:00:06]} 34. g4 {[%clk 00:07:52]} {[%emt 00:00:47]} Nd4 {[%clk
00:02:54]} {[%emt 00:00:33]} 35. f4 {[%clk 00:05:32]} {[%emt 00:02:30]} Bd6
{[%clk 00:01:37]} {[%emt 00:01:28]} 36. Bxd4 {[%clk 00:05:16]} {[%emt
00:00:26]} exd4 {[%clk 00:01:23]} {[%emt 00:00:24]} 37. Rxd4 {[%clk 00:04:55]}
{[%emt 00:00:31]} Rxa3 {[%clk 00:01:26]} {[%emt 00:00:08]} 38. Rxd6 {[%clk
00:05:03]} {[%emt 00:00:01]} Ra5 {[%emt 00:00:54]} 1-0

[Event "PK Jeugd 2020 B"]
[Site "Eindhoven, Netherlands"]
[Date "????.??.??"]
[Round "5.7"]
[White "Basa, Manasvita"]
[Black "Hooijmans, Max"]
[Result "1-0"]
[WhiteElo "1728"]
[BlackElo "1535"]

1. e4 {[%clk 00:55:18]} {[%emt 00:00:03]} e5 {[%clk 00:55:18]} {[%emt
00:00:02]} 2. f4 {[%clk 00:55:22]} {[%emt 00:00:06]} exf4 {[%clk 00:55:12]}
{[%emt 00:00:16]} 3. Nf3 {[%clk 00:55:26]} {[%emt 00:00:05]} Be7 {[%clk
00:55:14]} {[%emt 00:00:08]} 4. Bc4 {[%clk 00:55:28]} {[%emt 00:00:09]} Bh4+
{[%clk 00:54:40]} {[%emt 00:00:44]} 5. Kf1 {[%clk 00:55:31]} {[%emt 00:00:07]}
Nc6 {[%clk 00:54:09]} {[%emt 00:00:40]} 6. d4 {[%clk 00:55:10]} {[%emt
00:00:32]} d6 {[%clk 00:53:47]} {[%emt 00:00:32]} 7. Bxf4 {[%clk 00:54:26]}
{[%emt 00:00:53]} Be7 {[%clk 00:53:24]} {[%emt 00:00:33]} 8. Nbd2 {[%clk
00:51:21]} {[%emt 00:03:16]} Bg4 {[%clk 00:51:35]} {[%emt 00:01:58]} 9. c3
{[%clk 00:51:23]} {[%emt 00:00:08]} Nf6 {[%clk 00:50:44]} {[%emt 00:01:01]} 10.
Kf2 {[%clk 00:50:29]} {[%emt 00:01:05]} Nd7 {[%clk 00:49:36]} {[%emt 00:01:18]}
11. Rf1 {[%clk 00:50:00]} {[%emt 00:00:38]} O-O {[%clk 00:49:06]} {[%emt
00:00:41]} 12. Kg1 {[%clk 00:49:08]} {[%emt 00:01:02]} Nb6 {[%clk 00:47:44]}
{[%emt 00:01:32]} 13. Bb3 {[%clk 00:49:11]} {[%emt 00:00:06]} Na5 {[%clk
00:45:22]} {[%emt 00:02:33]} 14. Bc2 {[%clk 00:48:29]} {[%emt 00:00:52]} Nac4
{[%clk 00:44:33]} {[%emt 00:00:59]} 15. Nxc4 {[%clk 00:45:23]} {[%emt
00:03:16]} Nxc4 {[%clk 00:44:39]} {[%emt 00:00:04]} 16. Qe1 {[%clk 00:45:20]}
{[%emt 00:00:13]} a6 {[%clk 00:38:59]} {[%emt 00:05:50]} 17. Qg3 {[%clk
00:44:51]} {[%emt 00:00:39]} Bh5 {[%clk 00:37:52]} {[%emt 00:01:17]} 18. b3
{[%clk 00:26:54]} {[%emt 00:18:07]} Na3 {[%clk 00:36:40]} {[%emt 00:01:20]} 19.
Bd3 {[%clk 00:26:43]} {[%emt 00:00:23]} Nb5 {[%clk 00:36:42]} {[%emt 00:00:08]}
20. c4 {[%clk 00:26:13]} {[%emt 00:00:40]} Bxf3 {[%clk 00:36:18]} {[%emt
00:00:33]} 21. cxb5 {[%clk 00:25:27]} {[%emt 00:00:57]} Bh5 {[%clk 00:36:16]}
{[%emt 00:00:11]} 22. bxa6 {[%clk 00:25:30]} {[%emt 00:00:08]} bxa6 {[%clk
00:36:17]} {[%emt 00:00:09]} 23. Rac1 {[%clk 00:24:24]} {[%emt 00:01:15]} a5
{[%clk 00:35:03]} {[%emt 00:01:24]} 24. e5 {[%clk 00:23:43]} {[%emt 00:00:52]}
Bg6 {[%clk 00:33:48]} {[%emt 00:01:24]} 25. Bb5 {[%clk 00:22:22]} {[%emt
00:01:32]} Rb8 {[%clk 00:32:36]} {[%emt 00:01:22]} 26. Ba4 {[%clk 00:22:16]}
{[%emt 00:00:16]} dxe5 {[%clk 00:30:01]} {[%emt 00:02:45]} 27. dxe5 {[%clk
00:21:17]} {[%emt 00:01:09]} c5 {[%clk 00:28:00]} {[%emt 00:02:11]} 28. Rfd1
{[%clk 00:20:52]} {[%emt 00:00:35]} Qb6 {[%clk 00:26:48]} {[%emt 00:01:21]} 29.
e6 {[%clk 00:17:55]} {[%emt 00:03:07]} Rbd8 {[%clk 00:23:28]} {[%emt 00:03:30]}
30. exf7+ {[%clk 00:17:41]} {[%emt 00:00:25]} Bxf7 {[%clk 00:23:04]} {[%emt
00:00:34]} 31. Bc7 {[%clk 00:17:37]} {[%emt 00:00:14]} Rxd1+ {[%clk 00:23:02]}
{[%emt 00:00:13]} 32. Rxd1 {[%clk 00:17:46]} {[%emt 00:00:01]} Qb4 {[%clk
00:22:07]} {[%emt 00:01:04]} 33. Be5 {[%clk 00:15:38]} {[%emt 00:02:18]} Bg6
{[%clk 00:21:10]} {[%emt 00:01:06]} 34. Bc3 {[%clk 00:14:06]} {[%emt 00:01:42]}
Qb6 {[%clk 00:20:12]} {[%emt 00:01:09]} 35. Qe3 {[%clk 00:13:34]} {[%emt
00:00:42]} Bf6 {[%clk 00:18:56]} {[%emt 00:01:26]} 36. Bxf6 {[%clk 00:12:40]}
{[%emt 00:01:04]} Rxf6 {[%clk 00:18:57]} {[%emt 00:00:08]} 37. Rd5 {[%clk
00:12:16]} {[%emt 00:00:35]} c4 {[%clk 00:13:19]} {[%emt 00:05:48]} 38. Qxb6
{[%clk 00:12:22]} {[%emt 00:00:04]} Rxb6 {[%clk 00:13:24]} {[%emt 00:00:05]} 39.
Rxa5 {[%clk 00:12:02]} {[%emt 00:00:30]} c3 {[%clk 00:11:59]} {[%emt 00:01:35]}
40. Rc5 {[%clk 00:12:09]} {[%emt 00:00:03]} c2 {[%clk 00:11:59]} {[%emt
00:00:10]} 41. Rc8+ {[%clk 00:12:16]} {[%emt 00:00:04]} Kf7 {[%clk 00:11:36]}
{[%emt 00:00:33]} 42. Be8+ {[%clk 00:12:24]} {[%emt 00:00:02]} Kf6 {[%clk
00:10:43]} {[%emt 00:01:03]} 43. Bxg6 {[%clk 00:12:28]} {[%emt 00:00:05]} Kxg6
{[%clk 00:10:40]} {[%emt 00:00:12]} 44. Rxc2 {[%clk 00:12:34]} {[%emt
00:00:04]} Kf5 {[%clk 00:10:34]} {[%emt 00:00:17]} 45. Kf2 {[%clk 00:11:44]}
{[%emt 00:01:00]} Ke4 {[%clk 00:10:20]} {[%emt 00:00:24]} 46. Ke2 {[%clk
00:11:47]} {[%emt 00:00:07]} Rg6 {[%clk 00:09:57]} {[%emt 00:00:33]} 47. Rc4+
{[%clk 00:11:53]} {[%emt 00:00:05]} Kd5 {[%clk 00:09:43]} {[%emt 00:00:23]} 48.
g3 {[%clk 00:11:05]} {[%emt 00:00:58]} Ra6 {[%clk 00:09:34]} {[%emt 00:00:19]}
49. a4 {[%clk 00:10:06]} {[%emt 00:01:09]} Rb6 {[%clk 00:09:37]} {[%emt
00:00:07]} 50. Rc3 {[%clk 00:10:09]} {[%emt 00:00:07]} Kd4 {[%clk 00:09:29]}
{[%emt 00:00:18]} 51. Rd3+ {[%clk 00:09:53]} {[%emt 00:00:26]} Kc5 {[%clk
00:08:59]} {[%emt 00:00:40]} 52. Kd2 {[%clk 00:09:59]} {[%emt 00:00:05]} Kb4
{[%clk 00:08:43]} {[%emt 00:00:25]} 53. Kc2 {[%clk 00:09:58]} {[%emt 00:00:11]}
Rh6 {[%clk 00:07:40]} {[%emt 00:01:13]} 54. h4 {[%clk 00:09:35]} {[%emt
00:00:32]} Rf6 {[%clk 00:07:45]} {[%emt 00:00:06]} 55. Rd4+ {[%clk 00:09:20]}
{[%emt 00:00:26]} Ka5 {[%clk 00:07:02]} {[%emt 00:00:53]} 56. Kc3 {[%clk
00:08:50]} {[%emt 00:00:40]} Rf3+ {[%clk 00:06:56]} {[%emt 00:00:15]} 57. Rd3
{[%clk 00:08:55]} {[%emt 00:00:05]} Rf6 {[%clk 00:04:54]} {[%emt 00:02:13]} 58.
Rd5+ {[%clk 00:08:51]} {[%emt 00:00:14]} Kb6 {[%clk 00:05:00]} {[%emt
00:00:03]} 59. Kc4 {[%clk 00:08:42]} {[%emt 00:00:18]} Rg6 {[%clk 00:04:24]}
{[%emt 00:00:46]} 60. Rg5 {[%clk 00:08:04]} {[%emt 00:00:48]} Rc6+ {[%clk
00:04:19]} {[%emt 00:00:15]} 61. Kb4 {[%clk 00:08:05]} {[%emt 00:00:09]} Rc7
{[%clk 00:04:26]} {[%emt 00:00:04]} 62. Rb5+ {[%clk 00:07:52]} {[%emt
00:00:23]} Ka6 {[%clk 00:04:19]} {[%emt 00:00:16]} 63. a5 {[%clk 00:07:41]}
{[%emt 00:00:21]} Re7 {[%clk 00:04:08]} {[%emt 00:00:20]} 64. Rb6+ {[%clk
00:07:35]} {[%emt 00:00:17]} Ka7 {[%clk 00:04:16]} {[%emt 00:00:02]} 65. Rc6
{[%clk 00:07:27]} {[%emt 00:00:18]} Re4+ {[%clk 00:04:16]} {[%emt 00:00:10]} 66.
Kb5 {[%clk 00:07:23]} {[%emt 00:00:15]} Re5+ {[%clk 00:04:23]} {[%emt
00:00:02]} 67. Rc5 {[%clk 00:07:22]} {[%emt 00:00:12]} Re7 {[%clk 00:04:30]}
{[%emt 00:00:02]} 68. Kc6 {[%clk 00:06:39]} {[%emt 00:00:53]} Ka6 {[%clk
00:03:37]} {[%emt 00:01:03]} 69. b4 {[%clk 00:05:51]} {[%emt 00:00:59]} Rb7
{[%clk 00:03:34]} {[%emt 00:00:13]} 70. b5+ {[%clk 00:05:47]} {[%emt 00:00:13]}
Ka7 {[%clk 00:03:36]} {[%emt 00:00:07]} 71. Rd5 {[%clk 00:05:19]} {[%emt
00:00:38]} Rb8 {[%clk 00:03:29]} {[%emt 00:00:17]} 72. Rd7+ {[%clk 00:05:23]}
{[%emt 00:00:06]} Ka8 {[%clk 00:03:37]} {[%emt 00:00:02]} 73. b6 {[%clk
00:05:16]} {[%emt 00:00:17]} g5 {[%clk 00:02:50]} {[%emt 00:00:57]} 74. Ra7#
{[%clk 00:05:19]} {[%emt 00:00:07]} 1-0

[Event "PK Jeugd 2020 B"]
[Site "Eindhoven, Netherlands"]
[Date "????.??.??"]
[Round "5.8"]
[White "Hooijmans, Merijn Thijmen"]
[Black "Molanus, Florian"]
[Result "1-0"]
[WhiteElo "1267"]
[BlackElo "1468"]

1. d4 {[%clk 00:55:15]} {[%emt 00:00:03]} d5 {[%clk 00:54:53]} {[%emt
00:00:28]} 2. c4 {[%clk 00:55:16]} {[%emt 00:00:09]} c6 {[%clk 00:54:58]}
{[%emt 00:00:05]} 3. Nc3 {[%clk 00:55:10]} {[%emt 00:00:16]} e5 {[%clk
00:53:15]} {[%emt 00:01:52]} 4. Nf3 {[%clk 00:53:27]} {[%emt 00:01:54]} e4
{[%clk 00:52:01]} {[%emt 00:01:24]} 5. Ng5 {[%clk 00:53:18]} {[%emt 00:00:18]}
Be7 {[%clk 00:49:31]} {[%emt 00:02:40]} 6. h4 {[%clk 00:52:57]} {[%emt
00:00:31]} h6 {[%clk 00:49:06]} {[%emt 00:00:36]} 7. Nh3 {[%clk 00:52:43]}
{[%emt 00:00:24]} Bxh3 {[%clk 00:46:58]} {[%emt 00:02:18]} 8. Rxh3 {[%clk
00:52:42]} {[%emt 00:00:11]} Bxh4 {[%clk 00:46:17]} {[%emt 00:00:50]} 9. cxd5
{[%clk 00:52:11]} {[%emt 00:00:41]} cxd5 {[%clk 00:46:07]} {[%emt 00:00:21]} 10.
Nxd5 {[%clk 00:52:13]} {[%emt 00:00:07]} Bxf2+ {[%clk 00:46:12]} {[%emt
00:00:05]} 11. Kxf2 {[%clk 00:51:54]} {[%emt 00:00:29]} Qxd5 {[%clk 00:46:09]}
{[%emt 00:00:13]} 12. e3 {[%clk 00:51:10]} {[%emt 00:00:54]} Nf6 {[%clk
00:43:26]} {[%emt 00:02:54]} 13. b3 {[%clk 00:50:18]} {[%emt 00:01:02]} Qf5+
{[%clk 00:41:34]} {[%emt 00:02:01]} 14. Kg1 {[%clk 00:50:12]} {[%emt 00:00:15]}
Ng4 {[%clk 00:38:42]} {[%emt 00:03:04]} 15. Qc2 {[%clk 00:49:13]} {[%emt
00:01:10]} O-O {[%clk 00:38:34]} {[%emt 00:00:17]} 16. Bc4 {[%clk 00:48:11]}
{[%emt 00:01:12]} b5 {[%clk 00:33:45]} {[%emt 00:05:00]} 17. Rf3 {[%clk
00:47:51]} {[%emt 00:00:30]} Qg6 {[%clk 00:33:12]} {[%emt 00:00:42]} 18. Bd5
{[%clk 00:46:54]} {[%emt 00:01:06]} exf3 {[%clk 00:33:09]} {[%emt 00:00:14]} 19.
Qxg6 {[%clk 00:46:54]} {[%emt 00:00:10]} 1-0